| 000 | 00976nam a22002417a 4500 | ||
|---|---|---|---|
| 003 | OSt | ||
| 005 | 20260210094438.0 | ||
| 008 | 240916b ||||| |||| 00| 0 eng d | ||
| 040 | _c0 | ||
| 082 | _aDPer 371.206005 J826 Winter-Spring 2023 v. 48 n. 3-4 | ||
| 100 |
_aKeeney, Noel E. _eauthor. _961153 |
||
| 245 |
_aLocal funding and tuition and fee charges at U.S. community colleges / _cNoel E. Keeney, Stephen G. Katsinas, and Nathaniel J. Bray. |
||
| 260 |
_aIllinois ; _bUniversity of Illinois Press , _cWinter 2023. |
||
| 300 |
_aVolume 48, pages 267-288 : _billustration ; _c26 cm. |
||
| 500 | _aJournal of Education Finance, vol. 48, no. 3, pages 267-288, Winter 2023. | ||
| 650 | 0 |
_aCommunity colleges. _968013 |
|
| 650 | 0 |
_aFederal legislation. _968015 |
|
| 650 | 0 |
_aOperating expenses. _968016 |
|
| 700 |
_aKeeney, Noel E. _eauthor. _961153 |
||
| 700 |
_aKatsinas, Stephen G. _eauthor. _961154 |
||
| 700 |
_aBray, Nathaniel J. _eauthor. _961155 |
||
| 942 |
_2ddc _cPER |
||
| 999 |
_c21680 _d21680 |
||